000
00292nam a22001337a 4500
008
170614b xxu||||| |||| 00| 0 eng d
020
_a
9780205697984
041
_a
eng
080
_2
18TH
_a
328
100
_a
19
101
_a
SHP
245
_a
AMERICAN GOVERNMENT
_c
WOLL,P
942
_2
udc
_c
BK
999
_c
17402
_d
17402